| 000 | 01095nam0a22002651 4500 | ||
|---|---|---|---|
| 001 | rc\2778575 | ||
| 005 | 20250809113252.0 | ||
| 035 | _a(NLR Aleph) 006904827 | ||
| 090 |
_a33010 _c33010 |
||
| 100 | _a20110915d1942 u y0rusy50 ca | ||
| 101 | 0 | _arus | |
| 102 | _aAZ | ||
| 105 | _ay z ||||| | ||
| 200 | 1 |
_aЧто надо знать каждому о невзорвавшихся авиабомбах _e(Памятка для населения) _fГл. упр. мест. противовозд. обороны НКВД СССР |
|
| 210 |
_aБаку _cАзернешр _d1942 |
||
| 215 |
_a12 с., без обл. _d13 см. |
||
| 712 | 0 | 1 |
_aСССР _bГлавное управление местной противовоздушной обороны _3RU\NLR\AUTH\8810002780 _4570 |
| 801 | 0 |
_aRU _bNLR _gpsbo |
|
| 801 | 1 |
_aRU _bELAR _2rusmarc |
|
| 852 |
_aNLR _jВ60 Г-2/716 |
||
| 942 | _cBOOK | ||
| 945 |
_aРоссийская национальная библиотека _aНациональная библиотека Азербайджана |
||
| 980 | _aNB | ||
| 980 | _aBV | ||